=LDR 00000nam 2200000 4500 =001 INLIS000000000048161 =005 20160721145327.0 =006 =007 =008 =035 ##$$0010-071600000000002 =040 ##$$a ind =082 ##$$a 630 $b Sup =090 ##$$a 630 =100 ##$$a Suprayitna =245 ##$$a Kiat $uk$e$ Bertani =250 ##$$a Cet. 1 =260 ##$$a Solo $b Aneka $c 1996 =300 ##$$a 118 hlm $b 20 cm =850 ##$$a NBPDMAT =990 ##$$a 0001/BPAP-NTB/2016